IFM Opac

sterling and british policy (Record no. 15051)

MARC details
000 -LEADER
fixed length control field 00314nam a22001337a 4500
020 ## - INTERNATIONAL STANDARD BOOK NUMBER
International Standard Book Number 192149857
082 ## - DEWEY DECIMAL CLASSIFICATION NUMBER
Classification number 332.454 STR
100 ## - MAIN ENTRY--PERSONAL NAME
Personal name Strange, Susan
245 ## - TITLE STATEMENT
Title sterling and british policy
260 ## - PUBLICATION, DISTRIBUTION, ETC.
Place of publication, distribution, etc. London
Name of publisher, distributor, etc. Oxford university
Date of publication, distribution, etc. 1971
300 ## - PHYSICAL DESCRIPTION
Extent xiv,363p.
Other physical details 21cm.
500 ## - GENERAL NOTE
General note Include index
942 ## - ADDED ENTRY ELEMENTS (KOHA)
Koha item type Books
Holdings
Withdrawn status Lost status Source of classification or shelving scheme Damaged status Not for loan Home library Current library Shelving location Date acquired Full call number Barcode Date last seen Price effective from Koha item type
    Dewey Decimal Classification     IFM Main Campus Library IFM Main Campus Library   01/26/2016 332.454 STR 0000015572 01/26/2016 01/26/2016 Books